Corporate Governance a hodnotenie výkonnosti podniku
Corporate Governanc a meranie výkonnosti a odmeňovanie. Prístupy ku hodnoteniu výkonnosti podniku z pohľadu vlastníka. Monitorovací a motivačný program správnych orgánov. Metódy merania výkonnosti a efektívnosti podniku vhodné pre vlastníkov.
Uložené v:
| Hlavný autor: | |
|---|---|
| Médium: | Kapitola |
| Jazyk: | Slovak |
| Predmet: | |
| Tagy: |
Žiadne tagy, Buďte prvý, kto otaguje tento záznam!
|
MARC
| LEADER | 00000nla$a2200000$$$4500 | ||
|---|---|---|---|
| 001 | 0091269 | ||
| 005 | 20240502083232.1 | ||
| 041 | 0 | |a slo | |
| 044 | |a CZ | ||
| 245 | 1 | 0 | |a Corporate Governance a hodnotenie výkonnosti podniku |c Eduard Hyránek |
| 520 | |a Corporate Governanc a meranie výkonnosti a odmeňovanie. Prístupy ku hodnoteniu výkonnosti podniku z pohľadu vlastníka. Monitorovací a motivačný program správnych orgánov. Metódy merania výkonnosti a efektívnosti podniku vhodné pre vlastníkov. | ||
| 610 | 2 | 0 | |a globalizácia |
| 610 | 2 | 0 | |a výkonnosť |
| 610 | 2 | 0 | |a podnik |
| 610 | 2 | 0 | |a efektívnosť |
| 610 | 2 | 0 | |a ukazovatele rentability |
| 610 | 2 | 0 | |a zisk ekonomický |
| 610 | 2 | 0 | |a hodnota trhová |
| 100 | 1 | |a Hyránek, Eduard, 1955- | |